<?xml version="1.0" encoding="UTF-8"?>
<record
    xmlns:xsi="http://www.w3.org/2001/XMLSchema-instance"
    xsi:schemaLocation="http://www.loc.gov/MARC21/slim http://www.loc.gov/standards/marcxml/schema/MARC21slim.xsd"
    xmlns="http://www.loc.gov/MARC21/slim">

  <leader>00541nam a22001817a 4500</leader>
  <datafield tag="999" ind1=" " ind2=" ">
    <subfield code="c">171710</subfield>
    <subfield code="d">171710</subfield>
  </datafield>
  <controlfield tag="005">20200117160525.0</controlfield>
  <datafield tag="010" ind1=" " ind2=" ">
    <subfield code="a">20563</subfield>
  </datafield>
  <datafield tag="020" ind1=" " ind2=" ">
    <subfield code="c">N.A.</subfield>
    <subfield code="a">-</subfield>
  </datafield>
  <datafield tag="037" ind1=" " ind2=" ">
    <subfield code="b">BPPD/Pub.</subfield>
    <subfield code="a">20563</subfield>
  </datafield>
  <datafield tag="082" ind1=" " ind2=" ">
    <subfield code="a">841</subfield>
  </datafield>
  <datafield tag="100" ind1=" " ind2=" ">
    <subfield code="a"> &#x645;&#x62D;&#x645;&#x62F; &#x645;&#x648; &#x645;&#x646; &#x62E;&#x627; &#x646;</subfield>
  </datafield>
  <datafield tag="245" ind1=" " ind2=" ">
    <subfield code="a">&#x62F; &#x64A;&#x648; &#x627; &#x646; &#x645;&#x648; &#x645;&#x646;</subfield>
    <subfield code="c">&#x645;&#x62D;&#x645;&#x62F; &#x645;&#x648; &#x645;&#x646; &#x62E;&#x627; &#x646;</subfield>
  </datafield>
  <datafield tag="246" ind1=" " ind2=" ">
    <subfield code="b">Dewan -e-Momin (Urdu)</subfield>
    <subfield code="a">by Mohd.Momin Khan </subfield>
  </datafield>
  <datafield tag="260" ind1=" " ind2=" ">
    <subfield code="a">Alahbad </subfield>
    <subfield code="b">Shanti Press</subfield>
    <subfield code="c">1962 &#x621;</subfield>
  </datafield>
  <datafield tag="270" ind1=" " ind2=" ">
    <subfield code="a">Alahabad</subfield>
    <subfield code="b">U.P.</subfield>
    <subfield code="e">2</subfield>
    <subfield code="k">-</subfield>
    <subfield code="l">-</subfield>
  </datafield>
  <datafield tag="300" ind1=" " ind2=" ">
    <subfield code="a">267 &#x635; </subfield>
    <subfield code="c">22 Cm(Hb)</subfield>
  </datafield>
  <datafield tag="942" ind1=" " ind2=" ">
    <subfield code="2">ddc</subfield>
    <subfield code="c">UR</subfield>
    <subfield code="h">841</subfield>
    <subfield code="k">&#x645; &#x62D; &#x645;  </subfield>
  </datafield>
</record>
